000 00603nam a2200193Ia 4500
003 GCL
008 140319s9999 xx 000 0 ara d
040 _aGCL /
_cGCL
082 0 4 _a796
_bم ت
100 1 _aمختار سالم
245 1 0 _aتدريبات الاثقال لصناعة الابطال /
_cمختار سالم
260 _a[S.N] :
_bمؤسسة المعارف للطباعة والنشر ،
_c1989
300 _a182 ص
490 _a
650 0 4 _aالرياضة البدنية
650 0 4 _aالتمرينات الرياضية
650 0 4 _aرفع الاثقال
942 _2ddc
_cBK
999 _c54034
_d54034